Опыт модифицирования стали гатфильда; Современные техника и технологии; Т. 2

Dades bibliogràfiques
Parent link:Современные техника и технологии: сборник трудов XX международной научно-практической конференции студентов, аспирантов и молодых ученых, Томск, 14-18 апреля 2014 г./ Национальный исследовательский Томский политехнический университет (ТПУ).— , 2014
Т. 2.— 2014.— [С. 115-116]
Autor principal: Федосеев С. Н. Сергей Николаевич
Autor corporatiu: Национальный исследовательский Томский политехнический университет (ТПУ) Юргинский технологический институт (филиал) (ЮТИ) Кафедра технологии машиностроения (ТМС), Национальный исследовательский Томский политехнический университет (ТПУ) Юргинский технологический институт (филиал) (ЮТИ) Кафедра металлургии и черных металлов (МЧМ)
Altres autors: Лычагин Д. В. Дмитрий Васильевич (научный руководитель)
Sumari:Заглавие с титульного экрана
Idioma:rus
Publicat: 2014
Col·lecció:Материаловедение
Matèries:
Accés en línia:http://earchive.tpu.ru/handle/11683/20770
http://www.lib.tpu.ru/fulltext/c/2014/C01/V2/056.pdf
Format: MixedMaterials Electrònic Capítol de llibre
KOHA link:https://koha.lib.tpu.ru/cgi-bin/koha/opac-detail.pl?biblionumber=606812

MARC

LEADER 00000naa2a2200000 4500
001 606812
005 20260305162850.0
035 |a (RuTPU)RU\TPU\conf\4191 
035 |a RU\TPU\conf\4189 
090 |a 606812 
100 |a 20140618d2014 k y0rusy50 ca 
101 0 |a rus 
102 |a RU 
135 |a drcn ---uucaa 
181 0 |a i  
182 0 |a b 
200 1 |a Опыт модифицирования стали гатфильда  |f С. Н. Федосеев  |g науч. рук. Д. В. Лычагин 
203 |a Текст  |c электронный 
225 1 |a Материаловедение 
300 |a Заглавие с титульного экрана 
320 |a [Библиогр.: с. 116 (7 назв.)] 
337 |a Adobe Reader 
461 1 |0 (RuTPU)RU\TPU\conf\3687  |t Современные техника и технологии  |o сборник трудов XX международной научно-практической конференции студентов, аспирантов и молодых ученых, Томск, 14-18 апреля 2014 г.  |o в 3 т.  |f Национальный исследовательский Томский политехнический университет (ТПУ)   |d 2014 
463 1 |0 (RuTPU)RU\TPU\conf\3689  |t Т. 2  |v [С. 115-116]  |d 2014 
610 1 |a труды учёных ТПУ 
610 1 |a электронный ресурс 
610 1 |a модифицирование 
610 1 |a сталь Гадфильда 
610 1 |a машиностроение 
610 1 |a марганцовистые стали 
610 1 |a литейное производство 
700 1 |a Федосеев  |b С. Н.  |c специалист в области машиностроения  |c ассистент Юргинского технологического института (филиал) Томского политехнического университета  |f 1989-  |g Сергей Николаевич  |3 (RuTPU)RU\TPU\pers\30669 
702 1 |a Лычагин  |b Д. В.  |c специалист в области машиностроения  |c профессор Юргинского технологического института (филиал) Томского политехнического университета, доктор физико-математических наук  |f 1957-  |g Дмитрий Васильевич  |4 727 
712 0 2 |a Национальный исследовательский Томский политехнический университет (ТПУ)  |b Юргинский технологический институт (филиал) (ЮТИ)  |b Кафедра технологии машиностроения (ТМС)  |3 (RuTPU)RU\TPU\col\18902 
712 0 2 |a Национальный исследовательский Томский политехнический университет (ТПУ)  |b Юргинский технологический институт (филиал) (ЮТИ)  |b Кафедра металлургии и черных металлов (МЧМ)  |3 (RuTPU)RU\TPU\col\18892 
801 2 |a RU  |b 63413507  |c 20210310  |g RCR 
856 4 |u http://earchive.tpu.ru/handle/11683/20770 
856 4 |u http://www.lib.tpu.ru/fulltext/c/2014/C01/V2/056.pdf 
942 |c CF